| 000 | 00606nam a22001817a 4500 | ||
|---|---|---|---|
| 003 | AM-YeHGA | ||
| 005 | 20250617154256.0 | ||
| 008 | 180711s ||||| |||| 00| 0 rus d | ||
| 040 | _aAM-YeHGA | ||
| 041 | 0 | _arus | |
| 100 | 1 | _aСамсонов, Семен Николаевич. | |
| 245 | 1 | 0 |
_aПо ту сторону : _bПовесть / _cС. Самсонов. |
| 260 |
_aЧелябинск : _bЧеляб. обл. гос. изд-во, _c1949. |
||
| 300 | _a213 с. | ||
| 653 | 0 | _aДети в немецко-фашистском рабстве (х. л.) | |
| 942 |
_2udc _cBK |
||
| 090 | _c410678 | ||
| 999 |
_c408409 _d408409 |
||